| 000 | 00437nam a2200157Ia 4500 | ||
|---|---|---|---|
| 008 | 230312s9999||||xx |||||||||||||| ||und|| | ||
| 020 | _a983-72-0307-2 | ||
| 082 |
_a658 _bBRU |
||
| 100 | _aBrumm Eugenia K | ||
| 245 | 0 | _aManaging Records for ISO 9000 Compliance | |
| 260 |
_bGBC _aMalaysian _c1996 |
||
| 300 | _a437 | ||
| 546 | _aEng. | ||
| 650 |
_aManagement _vconventional records management components required in ISO 9000 |
||
| 942 | _cBK | ||
| 999 |
_c946 _d946 |
||